000 01061cam a22002777a 4500
005 20091020105013.0
008 091019s2009 ii af 000 0 eng d
010 _aENG-95315
020 _a0198061749
_c695.00
020 _a9780198061748
_c695.00
035 _aEN-78848
037 _aDBAD/PUB
082 _a610.9
_222
100 _aUdwadia, Farokh Erach.
245 _aThe forgotten art of healing and other essays /
_cby Farokh Erach Udwadia.
260 _aNew Delhi :
_bOxford University Press,
_c2009.
300 _ax, 184 p., [4] p. of plates :
_bill. (some col.) ;
_c24 cm.
650 _aMedicine
_xPhilosophy.
650 _aPhysician and patient.
650 _aMedical ethics.
650 _aMedicine
_xHistory.
856 _uhttp://www.loc.gov/catdir/enhancements/fy1001/2009517047-d.html
942 _2ddc
_cEN
_mUDW
999 _c31325
_d31325